000
00189nam a2200085Ia 4500
008
250605s9999 xx 000 0 und d
041
_a
eng
100
_a
Raunak Sharma
245
_a
Venture Garage
999
_c
45501
_d
45501